| 000 | 00728nam a2200205Ia 4500 | ||
|---|---|---|---|
| 005 | 20241129111309.0 | ||
| 008 | 241129s9999||||xx |||||||||||||| ||und|| | ||
| 037 | _aTB | ||
| 040 |
_aCRL _bpun _cCRL |
||
| 041 |
_apun _2pun |
||
| 084 |
_aQ8441xJ96 153R3 _qCRL |
||
| 100 | _aਸਿੰਘ, ਰਾਮ, ਚ। | ||
| 245 | 0 |
_aਵਾਰਾਂ ਭਾਈ ਗੁਰਦਾਸ ਵਿਸ਼ਾ ਅਤੇ ਰੂਪ _cਸਿੰਘ, ਰਾਮ, ਚ। |
|
| 260 |
_aਅੰਮ੍ਰਿਤਸਰ, ਭਾਰਤ _bਅੰਮ੍ਰਿਤਸਰ ਸਿੰਘ ਬ੍ਰਦਰਜ਼ _c2023 |
||
| 300 | _a158ਪ੍ਰ0 | ||
| 365 |
_aINR _b275 |
||
| 650 | _aSikhismReligion | ||
| 942 |
_cTB _hQ8441xJ96 153R3 |
||
| 999 |
_c1229803 _d1229803 |
||